000 01726nam a2200457 i 4500
001 143146
003 FlNmELB
005 20241217181736.0
006 m o d |
007 cr cnu||||||||
008 150608s2014 sp o 001 0 spa d
020 _a9788446040873 (e-book)
020 _z9788446040866
035 _a(MiAaPQ)EBC3228536
035 _a(Au-PeEL)EBL3228536
035 _a(CaPaEBR)ebr11038622
035 _a(OCoLC)992022030
040 _aFINmELB
_bspa
_erda
_cFINmELB
050 4 _aHD5807
_b.Q12 2014
080 _a331
082 0 _a331.110946
_223
245 0 0 _aQué hacemos con el paro :
_bpara cambiar el modelo productivo con medidas viables que acaben con el paro /
_cNacho Álvarez [y otros 3].
264 1 _aMadrid :
_bEdiciones Akal,
_c2014.
300 _a1 recurso en línea (75 páginas)
336 _atexto
_btxt
_2rdacontent/spa
337 _acomputadora
_bc
_2rdamedia/spa
338 _arecurso en línea
_bcr
_2rdacarrier/spa
490 1 _aAkal / Qué hacemos ;
_v21
500 _aIncluye índice.
588 _aDescripción basada en recurso en línea; Título de la página del título en PDF (e-libro, visto June 08, 2015).
590 _aRecurso electrónico. Santa Fe, Arg.: e-libro, 2015. Disponible vía World Wide Web. El acceso puede estar limitado para las bibliotecas afiliadas a e-libro.
650 0 _aUnemployment
_zSpain.
650 0 _aStrikes and lockouts
_zSpain.
650 4 _aDesempleo
_zEspaña.
650 4 _aParos y huelgas
_zEspaña.
655 4 _aLibros electrónicos.
700 1 _aÁlvarez, Nacho.
797 2 _ae-libro, Corp.
830 0 _aAkal / Qué hacemos ;
_v21.
856 4 0 _uhttps://elibro.net/ereader/politecnicointernacional/49727
999 _c143146
_d143146